Matematik

Bibliographic Details
Main Author: Nanjinder Singh Gill
Format: Book
Published: Kuala Lumpur : Pustaka Yakin Pelajar Sdn. Bhd. , 1997
Subjects:

MARC

LEADER 00000cam a2200000 7i4500
001 0000031821
005 20031208.0
008 031208s1997
020 |a 967703471 
090 0 0 |a R 510 MAN 
100 0 |a Nanjinder Singh Gill 
245 0 0 |a Matematik   |c Nanjinder Singh Gill 
260 |a Kuala Lumpur :   |b Pustaka Yakin Pelajar Sdn. Bhd. ,   |c 1997 
300 |a vii,125p, :   |b ill. ;   |c 26cm. 
650 0 0 |a Reference - Mathematics - Malay 
999 |a 69371   |b Buku   |c Rak Terbuka   |e Perbadanan Perpustakaan Awam Melaka